Astroneer all resources quiz - Statistics

General Stats
  • This quiz has been taken 10 times
  • The average score is 40 of 45
Answer Stats
Hint Answer % Correct
Furnace Aluminum
100%
Chemistry Lab Aluminum Alloy
100%
All planets Ammonium
100%
Gas Argon
100%
Furnace Carbon
100%
Furnace Ceramic
100%
All planets Clay
100%
All planets Compound
100%
Furnace Copper
100%
Chemistry Lab Diamond
100%
Furnace Glass
100%
Chemistry Lab Graphene
100%
All planets Graphite
100%
Gas Helium
100%
Novus, Glacio Hematite
100%
Chemistry Lab Hydrazine
100%
Gas Hydrogen
100%
Furnace Iron
100%
All planets Laterite
100%
Vesania, Novus Lithium
100%
Sylva, Calidor Malachite
100%
Gas Methane
100%
Gas Nitrogen
100%
All planets Organic
100%
Chemistry Lab Plastic
100%
All planets Quartz
100%
All planets Resin
100%
Chemistry Lab Silicone
100%
Sylva, Desolo Sphalerite
100%
Gas Sulfur
100%
Vesania, Glacio Titanite
100%
Furnace Titanium
100%
Chemistry Lab Titanium Alloy
100%
Furnace Tungsten
100%
Desolo, Calidor Wolframite
100%
Furnace Zinc
100%
All planets Astronium
50%
Chemistry Lab Explosive Powder
50%
Chemistry Lab Nanocarbon Alloy
50%
Chemistry Lab Rubber
50%
All planets Soil
50%
Chemistry Lab Steel
50%
Chemistry Lab Tungsten Carbide
50%
miscellaneous EXO Chip
0%
miscellaneous Scrap
0%
No matching quizzes found
Score Distribution
Percent of People with Each Score
Percentile by Number Answered
Your Score History
You have not taken this quiz